000 00711nam a2200193Ii 4500
003 JO-AjNU
008 230605s9999||||xx |||||||||||||| ||und||
040 _aJO-AjNU
_bara
_erda
_cJO-AjNU
041 _aara
050 1 4 _aDP102.S4
100 3 _aبقلم الشبال، جمال الدين,
_eauthor
_918500
245 0 0 _aالتاريخ الاندلسي واثرة في الفكر التاريخي الأوروبي في عصر النهضة
264 3 1 _aبيروت: دار الثقافة، د.ت
300 _a133ص
336 _atext
_btxt
_2rdacontent
337 _aunmediated
_bn
_2rdamedia
338 _avolume
_bnc
_2rdacarrier
650 4 _aالتاريخ الاسلامي- الاندلس-تاريخ
_918501
999 _aA5928
_c9496
_d9496